(Khmer) conversation with God / (Record no. 49812)
| 000 -LEADER | |
|---|---|
| fixed length control field | 00323nam a2200121 4500 |
| 020 ## - INTERNATIONAL STANDARD BOOK NUMBER | |
| International Standard Book Number | 9789996340192 |
| 245 ## - TITLE STATEMENT | |
| Title | (Khmer) conversation with God / |
| Statement of responsibility, etc | Geraldine Riemann. |
| 260 ## - PUBLICATION, DISTRIBUTION, ETC. (IMPRINT) | |
| Place of publication, distribution, etc | Cambodia: |
| Date of publication, distribution, etc | 2015. |
| 300 ## - PHYSICAL DESCRIPTION | |
| Extent | 124 p. |
| Dimensions | 20 cm. |
| 650 ## - SUBJECT ADDED ENTRY--TOPICAL TERM | |
| Topical term or geographic name as entry element | Prayers. |
| 700 ## - ADDED ENTRY--PERSONAL NAME | |
| Relator code | Translator. |
| Personal name | Keo Ravy. |
| 9 (RLIN) | 86946 |
| 942 ## - ADDED ENTRY ELEMENTS (KOHA) | |
| Source of classification or shelving scheme | |
| Koha item type | Khmer NON FIC Books |
| Withdrawn status | Lost status | Source of classification or shelving scheme | Damaged status | Not for loan | Collection code | Home library | Current library | Date acquired | Total Checkouts | Full call number | Barcode | Checked out | Date last seen | Date checked out | Price effective from | Koha item type |
|---|---|---|---|---|---|---|---|---|---|---|---|---|---|---|---|---|
| Siem Riep | Asian Hope Secondary Library | Asian Hope Secondary Library | 11/24/2025 | 1 | KHMER 248.3 RIE | 208834 | 07/21/2026 | 04/22/2026 | 04/22/2026 | 11/24/2025 | Khmer NON FIC Books |